| 000 | 00644nam a2200205 4500 | ||
|---|---|---|---|
| 001 | 107110 | ||
| 003 | ES-MaACL | ||
| 005 | 20240209181034.0 | ||
| 007 | t| | ||
| 008 | 061121s1972 sp r ||||1| spa d | ||
| 100 | 1 |
_aMorgan, Edward Victor. _983515 |
|
| 245 | 1 | 0 |
_aHistoria del dinero / _cEdward Victor Morgan; traducción de Margarita Sánchez. |
| 260 |
_aMadrid : _bIstmo, _c1972. |
||
| 300 |
_a457 p. ; _c18 cm. |
||
| 490 | 1 |
_aFundamentos ; _vv. 29. |
|
| 700 | 1 |
_aSánchez, Margarita. _9102406 |
|
| 830 | 0 | 0 |
_aFundamentos (Ediciones Istmo) _vv. 29. _9121682 |
| 852 |
_aES-MaACL _jC-53164 _bR.84067 |
||
| 999 |
_c107110 _d107110 |
||